00528 a2200181 450000100060000002000060000604000220001210000400003424000440007424500390011830000070015736200090016444000230017365000370019694200070023395200890024099900170032954172 a  cAnchieta - Pituba aSilva, Ana Paula Rocha Rodrigues da10a1ª Língua Portuguesa, I unidadelpor10a1ª Língua Portuguesa, I unidade a100 a2016 1aColégio Anchieta 4aLínguas espanhola e portuguesa cBK 00104070a91.1b91.1d2023-11-21l0p3545/PITr2023-11-21 18:21:59w2023-11-21yBK c54172d54172